[Event "Oberliga Nord O 1920"]
[Site "Germany"]
[Date "2020.01.18"]
[Round "6.8"]
[White "Riedel, Hartmut"]
[Black "Kachibadze, Georg"]
[Result "1/2-1/2"]
[WhiteElo "1888"]
[BlackElo "2273"]
[PlyCount "90"]
[EventDate "2019.09.29"]
[EventType "team-tourn"]
[EventRounds "9"]
[EventCountry "GER"]
[SourceTitle "CBM 195 Extra"]
[Source "ChessBase"]
[SourceDate "2020.05.31"]
[SourceVersion "1"]
[SourceVersionDate "2020.05.31"]
[SourceQuality "1"]

1. d4 d5 2. c4 e6 3. Nc3 Nf6 4. Bg5 Be7 5. e3 0-0 6. cxd5 exd5 7. Bd3 Nbd7 8. Nge2 Re8 9. Qc2 Nf8 10. h3 Be6 11. Nf4 h6 12. Nxe6 Nxe6 13. Bh4 c6 14. 0-0 Nh5 15. Bxe7 Qxe7 16. Rab1 Qh4 17. Rfe1 Ng5 18. Bf1 Re6 19. Kh1 Nf6 20. g3 Qh5 21. Qd1 Qg6 22. Bd3 Nfe4 23. Bxe4 dxe4 24. Kg2 Rf6 25. Rf1 Rd8 26. Ne2 Nf3 27. Ng1 c5 28. Nxf3 exf3+ 29. Kh2 Qe4 30. Re1 cxd4 31. exd4 Qxd4 32. Re8+ Kh7 33. Qxd4 Rxd4 34. g4 h5 35. Kg3 hxg4 36. hxg4 Rff4 37. Re7 Rxg4+ 38. Kxf3 Rgf4+ 39. Ke3 b5 40. Rxa7 Rde4+ 41. Kd3 f5 42. Rh1+ Kg8 43. Rh2 Rf3+ 44. Kd2 Rb4 45. Rg2 Rxb2+ 1/2-1/2

[Event "BL2-Nord 1920"]
[Site "Germany"]
[Date "2019.11.24"]
[Round "4.8"]
[White "Szyszylo, Rafal"]
[Black "Kachibadze, Georg"]
[Result "0-1"]
[WhiteElo "2258"]
[BlackElo "2261"]
[PlyCount "98"]
[EventDate "2019.10.19"]
[EventType "team-tourn"]
[EventRounds "9"]
[EventCountry "GER"]
[SourceTitle "CBM 194 Extra"]
[Source "ChessBase"]
[SourceDate "2020.03.31"]
[SourceVersion "1"]
[SourceVersionDate "2020.03.31"]
[SourceQuality "1"]
[WhiteTeam "Ruedersdorf Glueckauf"]
[BlackTeam "Koenig Tegel"]
[WhiteTeamCountry "GER"]
[BlackTeamCountry "GER"]

1. e4 c5 2. Nf3 Nc6 3. Bb5 d6 4. 0-0 Bd7 5. Re1 Nf6 6. c3 a6 7. Bf1 Bg4 8. h3 Bh5 9. d4 Bxf3 10. gxf3 Nd7 11. d5 Na7 12. f4 Qc7 13. e5 0-0-0 14. e6 fxe6 15. Rxe6 g6 16. Nd2 Bh6 17. Nf3 Nf8 18. Re1 Re8 19. h4 Kb8 20. Bh3 Bg7 21. Qa4 Rd8 22. Ng5 Bf6 23. Nf7 Rg8 24. Nxd8 Qxd8 25. Kf1 Bxh4 26. Qe4 Nb5 27. Bd2 Nc7 28. c4 Nd7 29. Bc3 Re8 30. Re3 Nf6 31. Qf3 Rf8 32. Rae1 Nh5 33. f5 Bg5 34. Re4 h6 35. Qh1 gxf5 36. R4e2 Nf4 37. Re3 Qe8 38. Rf3 Qa4 39. b3 Qxa2 40. Bg7 Rf7 41. Bh8 Qd2 42. Rxf4 Qd3+ 43. Re2 Bxf4 44. Qg2 Ka7 45. f3 e5 46. dxe6 Nxe6 47. Qg6 Qxf3+ 48. Ke1 Bg3+ 49. Kd2 Qxe2+ 0-1

[Event "Oberliga Nord O 1617"]
[Site "Germany"]
[Date "2017.01.15"]
[Round "4.5"]
[White "Krefenstein, Sergej"]
[Black "Kachibadze, Georg"]
[Result "0-1"]
[WhiteElo "2178"]
[BlackElo "2278"]
[PlyCount "62"]
[EventDate "2016.10.16"]
[EventType "team-tourn"]
[EventRounds "9"]
[EventCountry "GER"]
[SourceTitle "EXT 2018"]
[Source "ChessBase"]
[SourceDate "2017.10.13"]
[SourceVersion "1"]
[SourceVersionDate "2017.10.13"]
[SourceQuality "1"]
[WhiteTeam "Berlin Makkabi"]
[BlackTeam "Koenig Tegel"]
[WhiteTeamCountry "GER"]
[BlackTeamCountry "GER"]

1. d4 Nf6 2. c4 e6 3. Nc3 d5 4. cxd5 exd5 5. Bg5 Be7 6. Qc2 0-0 7. e3 Nbd7 8. Bd3 Re8 9. Nf3 Nf8 10. 0-0-0 Be6 11. Kb1 Rc8 12. Ne5 a6 13. f4 c5 14. f5 Bd7 15. Rhe1 b5 16. dxc5 Rxc5 17. Qb3 b4 18. Ne2 a5 19. Rc1 a4 20. Qd1 Rxc1+ 21. Qxc1 Ne4 22. Bxe7 Qxe7 23. Nxd7 Nxd7 24. Nd4 Ndc5 25. Bc2 a3 26. Nc6 Qf6 27. Bxe4 dxe4 28. Nd4 Nd3 29. Qd2 axb2 30. Rf1 Rc8 31. Nb3 Qa6 0-1

[Event "Oberliga Nord O 1516"]
[Site "Germany"]
[Date "2016.04.10"]
[Round "9.3"]
[White "Kachibadze, Georg"]
[Black "Venske, Kai Gerrit"]
[Result "1/2-1/2"]
[WhiteElo "2295"]
[BlackElo "2151"]
[PlyCount "53"]
[EventDate "2015.09.20"]
[EventType "team-tourn"]
[EventRounds "9"]
[EventCountry "GER"]
[SourceTitle "EXT 2017"]
[Source "ChessBase"]
[SourceDate "2016.10.25"]
[SourceVersion "1"]
[SourceVersionDate "2016.10.25"]
[SourceQuality "1"]
[WhiteTeam "Koenig Tegel"]
[BlackTeam "Weisse Dame"]
[WhiteTeamCountry "GER"]
[BlackTeamCountry "GER"]

1. e4 d5 2. exd5 Qxd5 3. Nc3 Qa5 4. d4 Nf6 5. Nf3 c6 6. Bd2 Bf5 7. Bc4 e6 8. Qe2 Bb4 9. a3 Nbd7 10. 0-0-0 Bxc3 11. Bxc3 Qc7 12. d5 cxd5 13. Bxd5 0-0 14. Ba2 Be4 15. Kb1 Bd5 16. Ne5 Nb6 17. Bd4 Bxa2+ 18. Kxa2 Rac8 19. Kb1 Rfd8 20. c3 Nfd7 21. Rhe1 Nxe5 22. Bxe5 Qe7 23. Rxd8+ Rxd8 24. Rd1 Nc8 25. Rxd8+ Qxd8 26. Bd4 a6 27. Qf3 1/2-1/2

[Event "BL2-Nord 1516"]
[Site "Germany"]
[Date "2016.03.14"]
[Round "8.8"]
[White "Kachibadze, Georg"]
[Black "Mueller, Michael"]
[Result "0-1"]
[WhiteElo "2291"]
[BlackElo "2258"]
[PlyCount "82"]
[EventDate "2015.09.19"]
[EventType "team-tourn"]
[EventRounds "9"]
[EventCountry "GER"]
[SourceTitle "EXT 2017"]
[Source "ChessBase"]
[SourceDate "2016.10.25"]
[SourceVersion "1"]
[SourceVersionDate "2016.10.25"]
[SourceQuality "1"]
[WhiteTeam "Koenig Tegel"]
[BlackTeam "Pankow Rotation"]
[WhiteTeamCountry "GER"]
[BlackTeamCountry "GER"]

1. e4 e6 2. d4 d5 3. Nc3 Nf6 4. e5 Nfd7 5. f4 c5 6. Nf3 Nc6 7. Be3 Qb6 8. Na4 Qa5+ 9. c3 cxd4 10. b4 Qc7 11. Nxd4 Nxd4 12. Bxd4 Nb8 13. Qd2 Nc6 14. Bb5 Bd7 15. Nc5 Bxc5 16. bxc5 Nxd4 17. Bxd7+ Qxd7 18. cxd4 0-0 19. 0-0 f6 20. exf6 Rxf6 21. Rab1 Raf8 22. g3 h6 23. Rfe1 R8f7 24. Qa5 a6 25. Rb6 Qc7 26. Qd2 Re7 27. Reb1 Ref7 28. Qe2 Qd7 29. Rxb7 Qa4 30. R7b4 Qa3 31. R4b3 Qa4 32. Rb8+ Kh7 33. Qd3+ Rg6 34. R8b6 Rxf4 35. R1b4 Qxa2 36. Qxg6+ Kxg6 37. gxf4 Kf5 38. Rb2 Qc4 39. R6b4 Qc3 40. R2b3 Qc1+ 41. Kg2 Qd2+ 0-1

[Event "Oberliga Nord O 1516"]
[Site "Germany"]
[Date "2015.10.11"]
[Round "2.2"]
[White "Leisner, Hannes"]
[Black "Kachibadze, Georg"]
[Result "1/2-1/2"]
[WhiteElo "2247"]
[BlackElo "2287"]
[PlyCount "58"]
[EventDate "2015.09.20"]
[EventType "team-tourn"]
[EventRounds "9"]
[EventCountry "GER"]
[SourceTitle "CBM 170 Extra"]
[Source "ChessBase"]
[SourceDate "2016.02.25"]
[SourceVersion "1"]
[SourceVersionDate "2016.02.25"]
[SourceQuality "1"]
[WhiteTeam "Greifswald"]
[BlackTeam "Koenig Tegel"]
[WhiteTeamCountry "GER"]
[BlackTeamCountry "GER"]

1. Nf3 d5 2. g3 e6 3. Bg2 c5 4. c4 Nf6 5. 0-0 Nc6 6. d4 Be7 7. dxc5 0-0 8. a3 dxc4 9. Qc2 e5 10. Nbd2 Nd4 11. Nxd4 Qxd4 12. Qxc4 Qxc5 13. Qxc5 Bxc5 14. Nc4 Re8 15. Be3 Bxe3 16. Nxe3 Be6 17. Rac1 Rac8 18. b4 b6 19. Bb7 Rxc1 20. Rxc1 Kf8 21. a4 Rd8 22. a5 Rd4 23. axb6 axb6 24. b5 Rb4 25. Bc6 Ke7 26. Ra1 Kd6 27. Rd1+ Rd4 28. Rc1 Rb4 29. Rd1+ Rd4 1/2-1/2

[Event "Oberliga Nord O 1415"]
[Site "Germany"]
[Date "2014.12.07"]
[Round "4.2"]
[White "Kachibadze, Georg"]
[Black "Cremer, Jan Paul"]
[Result "1/2-1/2"]
[WhiteElo "2279"]
[BlackElo "2216"]
[PlyCount "81"]
[EventDate "2014.09.21"]
[EventType "team-tourn"]
[EventRounds "9"]
[EventCountry "GER"]
[SourceTitle "EXT 2016"]
[Source "ChessBase"]
[SourceDate "2015.10.08"]
[SourceVersion "1"]
[SourceVersionDate "2015.10.08"]
[SourceQuality "1"]
[WhiteTeam "Berlin Tegel II"]
[BlackTeam "Berlin SF III"]
[WhiteTeamCountry "GER"]
[BlackTeamCountry "GER"]

1. e4 Nf6 2. e5 Nd5 3. d4 d6 4. Nf3 dxe5 5. Nxe5 g6 6. Bc4 c6 7. 0-0 Bg7 8. Qe2 0-0 9. Bb3 Nd7 10. c4 Nc7 11. Rd1 Ne6 12. Be3 Nxe5 13. dxe5 Qc7 14. f4 Bh6 15. Rf1 c5 16. Nc3 Nd4 17. Qf2 Nxb3 18. Nd5 Qd8 19. axb3 Be6 20. Bxc5 Bxd5 21. Rad1 Qc7 22. Rxd5 b6 23. Be3 e6 24. Rd3 Rfd8 25. Rfd1 Bf8 26. Qd2 Rxd3 27. Qxd3 Bc5 28. Kf2 a5 29. Qd7 Bxe3+ 30. Kxe3 Qc5+ 31. Qd4 Qb4 32. Qc3 Qc5+ 33. Ke2 Rc8 34. Qe3 Qb4 35. Rd6 Rb8 36. Qc3 Qc5 37. Qd4 Qb4 38. Rd8+ Rxd8 39. Qxd8+ Kg7 40. Qd3 a4 41. bxa4 1/2-1/2

[Event "Berlin Spring op-A"]
[Site "Berlin"]
[Date "2014.05.04"]
[Round "7"]
[White "Kachibadze, Georg"]
[Black "Rabiega, Robert"]
[Result "0-1"]
[WhiteElo "2272"]
[BlackElo "2494"]
[PlyCount "42"]
[EventDate "2014.05.01"]
[EventType "swiss"]
[EventRounds "7"]
[EventCountry "GER"]
[SourceTitle "CBM 160 Extra"]
[Source "ChessBase"]
[SourceDate "2014.07.01"]
[SourceVersion "1"]
[SourceVersionDate "2014.07.01"]
[SourceQuality "1"]

1. e4 e5 2. Nf3 Nf6 3. Nxe5 d6 4. Nf3 Nxe4 5. d4 d5 6. Bd3 Bd6 7. 0-0 0-0 8. c4 c6 9. Nc3 Nxc3 10. bxc3 dxc4 11. Bxc4 Bg4 12. h3 Bh5 13. Be3 Nd7 14. Rb1 b5 15. Be2 Nb6 16. Re1 Re8 17. Qd2 Nd5 18. Bg5 f6 19. Bh4 Qa5 20. Rb3 Bxf3 21. Bxf3 Qxa2 0-1

[Event "Berlin Spring op-A"]
[Site "Berlin"]
[Date "2014.05.03"]
[Round "6"]
[White "Jugelt, Tobias"]
[Black "Kachibadze, Georg"]
[Result "1/2-1/2"]
[WhiteElo "2423"]
[BlackElo "2272"]
[PlyCount "94"]
[EventDate "2014.05.01"]
[EventType "swiss"]
[EventRounds "7"]
[EventCountry "GER"]
[SourceTitle "CBM 160 Extra"]
[Source "ChessBase"]
[SourceDate "2014.07.01"]
[SourceVersion "1"]
[SourceVersionDate "2014.07.01"]
[SourceQuality "1"]

1. d4 d5 2. c4 e6 3. Nf3 Nf6 4. Nc3 dxc4 5. e3 a6 6. a4 c5 7. Bxc4 Be7 8. 0-0 Nc6 9. Qe2 cxd4 10. Rd1 e5 11. exd4 exd4 12. Nxd4 Nxd4 13. Qe3 0-0 14. Qxd4 Qxd4 15. Rxd4 Bc5 16. Rd1 Bg4 17. Re1 Rfe8 18. Bg5 Rxe1+ 19. Rxe1 Re8 20. Kf1 Rxe1+ 21. Kxe1 Be6 22. Bxe6 fxe6 23. Ke2 Bd4 24. Bxf6 gxf6 25. Kd3 Bxf2 26. Ne4 Bg1 27. Nxf6+ Kf7 28. Ne4 b6 29. h3 Kg6 30. g4 h5 31. Nd2 hxg4 32. hxg4 Bc5 33. Nf3 Bd6 34. Ke4 b5 35. axb5 axb5 36. Nd4 b4 37. b3 Kg5 38. Kf3 Kf6 39. Ke4 Kg5 40. Nxe6+ Kxg4 41. Kd5 Be7 42. Nd4 Kf4 43. Nc6 Bf8 44. Kc4 Kf5 45. Nxb4 Ke6 46. Nd3 Ba3 47. b4 Bxb4 1/2-1/2

[Event "Berlin-ch"]
[Site "Berlin"]
[Date "2014.04.21"]
[Round "3"]
[White "Welz, Peter"]
[Black "Kachibadze, Georg"]
[Result "0-1"]
[WhiteElo "2123"]
[BlackElo "2332"]
[PlyCount "82"]
[EventDate "2014.04.19"]
[EventType "swiss"]
[EventRounds "9"]
[EventCountry "GER"]
[SourceTitle "EXT 2015"]
[Source "ChessBase"]
[SourceDate "2014.11.20"]
[SourceVersion "1"]
[SourceVersionDate "2014.11.20"]
[SourceQuality "1"]

1. e4 c5 2. Nc3 Nc6 3. g3 g6 4. Bg2 Bg7 5. d3 d6 6. f4 e6 7. Nf3 Nge7 8. 0-0 0-0 9. Kh1 Rb8 10. a4 a6 11. Be3 b6 12. d4 d5 13. exd5 Nf5 14. Bg1 Ncxd4 15. dxe6 Bxe6 16. Re1 Nxf3 17. Qxf3 Nd4 18. Qf2 Qc8 19. Nd5 Qd7 20. Ne3 Rfd8 21. b3 Qc8 22. Rad1 b5 23. axb5 axb5 24. h4 b4 25. h5 Rb6 26. hxg6 hxg6 27. Nc4 Bxc4 28. bxc4 Bf6 29. Bd5 Kg7 30. Qg2 Rh8+ 31. Bh2 b3 32. cxb3 Rxb3 33. g4 Rbh3 34. g5 Rxh2+ 35. Qxh2 Rxh2+ 36. Kxh2 Bd8 37. Kg3 Bc7 38. Rxd4 cxd4 39. Re7 Bxf4+ 40. Kf2 Bxg5 41. Rxf7+ Kh6 0-1

[Event "Bundesliga 1314"]
[Site "Germany"]
[Date "2013.10.12"]
[Round "1.8"]
[White "Kachibadze, Georg"]
[Black "Walter, Stefan"]
[Result "0-1"]
[WhiteElo "2316"]
[BlackElo "2343"]
[PlyCount "84"]
[EventDate "2013.10.12"]
[EventType "team-tourn"]
[EventRounds "15"]
[EventCountry "GER"]
[SourceTitle "CBM 157"]
[Source "ChessBase"]
[SourceDate "2013.11.12"]
[SourceVersion "1"]
[SourceVersionDate "2013.11.12"]
[SourceQuality "1"]
[WhiteTeam "Koenig Tegel"]
[BlackTeam "Griesheim"]
[WhiteTeamCountry "GER"]
[BlackTeamCountry "GER"]

1. e4 e5 2. Nf3 Nc6 3. Bc4 Nf6 4. d3 Be7 5. 0-0 0-0 6. Re1 d6 7. a4 h6 8. h3 Nh7 9. a5 a6 10. Nc3 Ng5 11. Nxg5 Bxg5 12. Nd5 Bxc1 13. Qxc1 Be6 14. f4 exf4 15. Qxf4 Ne7 16. d4 Bxd5 17. exd5 Qd7 18. Qf3 Rae8 19. Bd3 g6 20. c3 Kg7 21. Re2 Ng8 22. Rae1 Rxe2 23. Rxe2 Qa4 24. Rf2 Qxa5 25. Bxg6 Kxg6 26. Qf5+ Kg7 27. Rf3 Qa1+ 28. Kh2 Qc1 29. h4 Kh8 30. Rg3 Qd1 31. b4 Qe2 32. c4 Qe7 33. Rg4 Re8 34. c5 Qe2 35. Rg3 Qe4 36. Qxf7 Qxh4+ 37. Rh3 Qe7 38. Qg6 Rf8 39. Rg3 Qh4+ 40. Kg1 Qxd4+ 41. Kh2 Qh4+ 42. Kg1 Qf6 0-1

[Event "BL2-Nord 1213"]
[Site "Germany"]
[Date "2013.04.14"]
[Round "9.8"]
[White "Kachibadze, Georg"]
[Black "Brinkmann, Fabian"]
[Result "1-0"]
[WhiteElo "2342"]
[BlackElo "1822"]
[PlyCount "91"]
[EventDate "2012.10.14"]
[EventType "team-tourn"]
[EventRounds "9"]
[EventCountry "GER"]
[SourceTitle "CBM 154 Extra"]
[Source "ChessBase"]
[SourceDate "2013.06.25"]
[SourceVersion "2"]
[SourceVersionDate "2013.06.25"]
[SourceQuality "1"]
[WhiteTeam "Berlin Koenig Tegel"]
[BlackTeam "Werder Bremen II"]
[WhiteTeamCountry "GER"]
[BlackTeamCountry "GER"]

1. e4 c6 2. d4 d5 3. e5 Bf5 4. Nf3 e6 5. Be2 Nd7 6. Nbd2 Bg6 7. Nb3 Ne7 8. 0-0 Nf5 9. Bd2 Be7 10. a4 0-0 11. a5 Bh5 12. a6 b6 13. Rc1 b5 14. Ra1 Qc8 15. h3 Bxf3 16. Bxf3 c5 17. Nxc5 Bxc5 18. dxc5 Qxc5 19. Re1 Rfc8 20. c3 Nh4 21. Bg4 Ng6 22. Be3 Qc6 23. Bd4 Nb8 24. Ra5 Nxa6 25. Be2 Nc7 26. Bd3 a6 27. Qg4 Qe8 28. h4 Qd8 29. g3 Ne7 30. Raa1 g6 31. h5 Nf5 32. Kg2 Nxd4 33. cxd4 Kg7 34. Rh1 Qe7 35. Rh4 Rg8 36. Rah1 Kf8 37. hxg6 hxg6 38. Rh7 Ke8 39. Qf4 Rd8 40. Rc1 Rd7 41. Bxg6 Rf8 42. Rc5 Qd8 43. Bh5 a5 44. g4 Qb8 45. g5 Na6 46. Rc6 1-0

[Event "Bundesliga 1112"]
[Site "Germany"]
[Date "2012.03.18"]
[Round "13.8"]
[White "Andersen, Mads"]
[Black "Kachibadze, Georg"]
[Result "1-0"]
[WhiteElo "2398"]
[BlackElo "2340"]
[PlyCount "61"]
[EventDate "2011.10.14"]
[EventType "team-tourn"]
[EventRounds "15"]
[EventCountry "GER"]
[SourceTitle "CBM 148"]
[Source "ChessBase"]
[SourceDate "2012.05.16"]
[SourceVersion "1"]
[SourceVersionDate "2012.05.16"]
[SourceQuality "1"]
[WhiteTeam "Solingen"]
[BlackTeam "Koenig Tegel"]
[WhiteTeamCountry "GER"]
[BlackTeamCountry "GER"]

1. d4 Nf6 2. c4 e6 3. g3 Bb4+ 4. Bd2 Qe7 5. Nf3 Nc6 6. Nc3 Bxc3 7. Bxc3 Ne4 8. Rc1 d6 9. d5 Nxc3 10. Rxc3 Nb8 11. dxe6 fxe6 12. Nd4 0-0 13. Bg2 e5 14. Nc2 a5 15. 0-0 Na6 16. Qd2 Nc5 17. Ra3 a4 18. b4 Ne6 19. h4 c6 20. Rd1 Nd4 21. Nxd4 exd4 22. Qxd4 Qxe2 23. Rd2 Qe1+ 24. Kh2 Re8 25. Qxd6 Bg4 26. b5 Rad8 27. Qxd8 Rxd8 28. Rxd8+ Kf7 29. Rd4 Qb4 30. Rf4+ Kg8 31. Rd3 1-0

[Event "Bundesliga 1112"]
[Site "Germany"]
[Date "2012.03.17"]
[Round "12.8"]
[White "Kachibadze, Georg"]
[Black "Kipper, Jens"]
[Result "1-0"]
[WhiteElo "2340"]
[BlackElo "2382"]
[PlyCount "79"]
[EventDate "2011.10.14"]
[EventType "team-tourn"]
[EventRounds "15"]
[EventCountry "GER"]
[SourceTitle "CBM 148"]
[Source "ChessBase"]
[SourceDate "2012.05.16"]
[SourceVersion "1"]
[SourceVersionDate "2012.05.16"]
[SourceQuality "1"]
[WhiteTeam "Koenig Tegel"]
[BlackTeam "Remagen"]
[WhiteTeamCountry "GER"]
[BlackTeamCountry "GER"]

1. e4 e6 2. d4 d5 3. Nc3 Nf6 4. e5 Nfd7 5. f4 c5 6. Nf3 Nc6 7. Be3 Be7 8. Qd2 0-0 9. Be2 b6 10. 0-0 Bb7 11. Rad1 Rc8 12. Kh1 f5 13. Qe1 a6 14. Qf2 Qc7 15. Rg1 cxd4 16. Nxd4 Nxd4 17. Bxd4 b5 18. Bd3 Nc5 19. Ne2 Ne4 20. Qe3 b4 21. g4 Bc5 22. Rg2 g6 23. Bxc5 Qxc5 24. Nd4 Kh8 25. gxf5 exf5 26. h4 Qe7 27. Qh3 Rc7 28. Kh2 Bc8 29. Rdg1 Qc5 30. Qe3 Qe7 31. Qe1 Qc5 32. Nf3 Qe7 33. h5 gxh5 34. Ng5 Qe8 35. Qxb4 Rg7 36. e6 Qe7 37. Qd4 Rf6 38. Qe5 Nxg5 39. Rxg5 Rgg6 40. Rxg6 1-0

[Event "Berlin-ch"]
[Site "Berlin"]
[Date "2011.04.28"]
[Round "6"]
[White "Kachibadze, Georg"]
[Black "Moeller, Hendrik"]
[Result "1-0"]
[WhiteElo "2279"]
[BlackElo "2252"]
[PlyCount "105"]
[EventDate "2011.04.23"]
[EventType "swiss"]
[EventRounds "9"]
[EventCountry "GER"]
[SourceTitle "CBM 142 Extra"]
[Source "ChessBase"]
[SourceDate "2011.06.27"]
[SourceVersion "1"]
[SourceVersionDate "2011.06.27"]
[SourceQuality "1"]

1. e4 c6 2. d4 d5 3. e5 c5 4. dxc5 e6 5. Nf3 Bxc5 6. Bd3 Nc6 7. 0-0 Nge7 8. Nbd2 Ng6 9. Nb3 Be7 10. Qe2 0-0 11. c3 Bd7 12. Nbd4 a6 13. Nxc6 Bxc6 14. Nd4 Bd7 15. g3 Bc5 16. Nb3 Bb6 17. Be3 Bb5 18. Bxb5 axb5 19. a3 Bxe3 20. Qxe3 Qc7 21. Rae1 Qc4 22. Nd4 Ne7 23. h4 Nc6 24. Rd1 Qc5 25. Nxc6 Qxc6 26. Rd4 Ra4 27. Rfd1 Rc4 28. Rf4 Rxf4 29. Qxf4 Qc4 30. Qe3 f6 31. Rd4 Qc6 32. Rb4 fxe5 33. Qxe5 Rf5 34. Qe2 Rf7 35. Qxb5 Qc8 36. Qe2 Re7 37. Qe5 h6 38. Qd6 Rc7 39. Rb6 Kf7 40. Qf4+ Ke7 41. Qe5 Kf7 42. Rxe6 Qxe6 43. Qxc7+ Kg8 44. Qxb7 Qe1+ 45. Kg2 Qe4+ 46. Kh2 g5 47. h5 Qf3 48. Qc8+ Kf7 49. Qd7+ Kf6 50. Qd6+ Kf7 51. Qg6+ Ke7 52. Kg1 g4 53. Qxh6 1-0

[Event "Berlin-ch"]
[Site "Berlin"]
[Date "2011.04.23"]
[Round "1"]
[White "Schirrmacher, Carsten"]
[Black "Kachibadze, Georg"]
[Result "1/2-1/2"]
[WhiteElo "2067"]
[BlackElo "2279"]
[PlyCount "90"]
[EventDate "2011.04.23"]
[EventType "swiss"]
[EventRounds "9"]
[EventCountry "GER"]
[SourceTitle "CBM 142 Extra"]
[Source "ChessBase"]
[SourceDate "2011.06.27"]
[SourceVersion "1"]
[SourceVersionDate "2011.06.27"]
[SourceQuality "1"]

1. e4 c5 2. Nf3 Nc6 3. Nc3 d6 4. d4 cxd4 5. Nxd4 Nf6 6. Bg5 e6 7. Qd2 Qb6 8. Bxf6 gxf6 9. 0-0-0 Nxd4 10. Qxd4 Qxd4 11. Rxd4 a6 12. Na4 Bd7 13. Nb6 Rd8 14. Nxd7 Rxd7 15. Bc4 Rg8 16. g3 Rg5 17. f4 Rc5 18. Bb3 f5 19. exf5 Rxf5 20. Re1 d5 21. c3 Bc5 22. g4 Rf6 23. Rxd5 Bf2 24. Rxd7 Kxd7 25. Re4 Rxf4 26. Rxf4 Be3+ 27. Kd1 Bxf4 28. h3 Kd6 29. Bc2 h6 30. Be4 b6 31. Ke2 Ke5 32. Bb7 a5 33. Bc6 Bc1 34. b4 axb4 35. cxb4 Ba3 36. b5 Kf4 37. Be8 f6 38. Bd7 e5 39. Bc8 Kg5 40. Kf3 h5 41. gxh5 f5 42. h6 e4+ 43. Ke2 f4 44. h7 Bb2 45. Bb7 e3 1/2-1/2

[Event "Berlin Lichtenrade op 06th"]
[Site "Berlin"]
[Date "2010.10.20"]
[Round "5"]
[White "Niehaus, Frank"]
[Black "Kachibadze, Georg"]
[Result "0-1"]
[WhiteElo "2232"]
[BlackElo "2272"]
[PlyCount "56"]
[EventDate "2010.10.16"]
[EventType "swiss"]
[EventRounds "9"]
[EventCountry "GER"]
[SourceTitle "CBM 138 Extra"]
[Source "ChessBase"]
[SourceDate "2010.10.29"]
[SourceVersion "1"]
[SourceVersionDate "2010.10.29"]
[SourceQuality "1"]

1. e4 c5 2. Nf3 d6 3. d4 cxd4 4. Nxd4 Nf6 5. Nc3 a6 6. Bg5 e6 7. f4 Qb6 8. Qd2 Nc6 9. Nb3 Ng4 10. f5 Be7 11. Bxe7 Nxe7 12. Bd3 Ne5 13. fxe6 Bxe6 14. 0-0-0 0-0 15. Be2 Rfd8 16. Qg5 f6 17. Qg3 Rac8 18. Kb1 d5 19. exd5 Nxd5 20. Ne4 Bf5 21. Bd3 Nxd3 22. cxd3 Nb4 23. Rhe1 a5 24. Qf3 Nxa2 25. Qxf5 Qxb3 26. d4 Nb4 27. Nc5 Qa2+ 28. Kc1 b6 0-1

[Event "GER-ch U18"]
[Site "Oberhof"]
[Date "2010.05.29"]
[Round "9"]
[White "Zhou, Syang"]
[Black "Kachibadze, Georg"]
[Result "0-1"]
[WhiteElo "2206"]
[BlackElo "2240"]
[PlyCount "60"]
[EventDate "2010.05.22"]
[EventType "swiss"]
[EventRounds "9"]
[EventCountry "GER"]
[SourceTitle "CBM 136 Extra"]
[Source "ChessBase"]
[SourceDate "2010.07.02"]
[SourceVersion "2"]
[SourceVersionDate "2010.07.15"]
[SourceQuality "1"]

1. e4 c5 2. Nf3 Nc6 3. d4 cxd4 4. Nxd4 Nf6 5. Nc3 d6 6. Be2 e5 7. Nf3 h6 8. 0-0 Be7 9. h3 0-0 10. Re1 a6 11. a4 Qc7 12. Bf1 Be6 13. Nd5 Bxd5 14. exd5 Nb4 15. c4 a5 16. Nd2 Nd7 17. f4 Bh4 18. Re4 f5 19. Re2 e4 20. g4 Qb6+ 21. Kh1 Nd3 22. gxf5 Nf2+ 23. Rxf2 Bxf2 24. Nxe4 Nf6 25. Nxf2 Qxf2 26. Qe2 Qxe2 27. Bxe2 Rae8 28. Bf3 Re1+ 29. Kg2 Nd7 30. Kf2 Rfe8 0-1